01772cam a2200445 4500003000900000005001700009020001500026035002700041035001800068035001800086041000700104044000700111082001700118110002300135245004500158264005300203300002000256505035500276521003000631526001000661526001000671526001000681526001000691526000800701526000800709526000800717526000800725526000800733526000800741526000800749650003000757650005000787942001400837949006400851910002500915596000600940999015600946980005501102952016901157PE-LiUPU20250731173137.0 a0966183819 a(Sirsi) i9780966183818 a(Sirsi) 28072 a(Sirsi) 28072 aen aus04a286.732bM52 aKnott, Ronald Alan aMore college faith /cRonald Alan Knott. 1aBerrien Springs, Michigan :bWorthy Books,c1997 a224 p ;c23 cm.0 aAre stories as important as our values, beliefs and even theology? a growing number of both secular and religious thought leaders now argue that our peronal stories are one of the most crucial elements determining who we are and who we become. Our stories provide a framework, a window, through which we interpret every event and aspect of our lives. aEstudiantes de teología aSEG42 aSEG41 aSEG40 aSEG39 aP94 aP87 aP86 aP85 aP77 aP76 aP3514aEscolaresxVida religiosa14aAdventistas del séptimo díaxBiografías 2ddccBOOK a286.732 M52i52311lPOSTGRADOmBULtLIBROo.STAFF. Posgrado aajbdrcopd20030809 a1 a286.732 M52wDEWEYc34131i52311f2021-11-11g6lCCODEBUL1mBULp6.00r0sYtBOOKu2015-6-24xTEOLOGIAPP350COMPRAo.STAFF. Colección Generald34131 81gALBERTO SANCHEZ Responsable de Automatización r2025-12-02 00:00:00i7l0o286.732 M52p52311te1v11.00w2015-06-24xFTyBKzinventario-2023-12-13102ddc50708GENfP35aBULbBULcGENd2015-06-24eCOMPRAg6.00